Manchester City Players 2024 - Statistics

General Stats
  • This quiz has been taken 68 times
  • The average score is 15 of 19
Answer Stats
Hint Answer % Correct
FW Haaland
98%
GK Ederson
96%
CM Foden
92%
CM Grealish
92%
RB Walker
90%
LB Aké
88%
CM De Bruyne
88%
CB Akanji
84%
FW Álvarez
84%
CM Rodri
84%
CB Dias
82%
CM Silva
82%
CB Stones
82%
CB Gvardiol
71%
FW Doku
65%
RB Lewis
65%
CM Kovacić
61%
CM Bobb
53%
CM Nunes
47%
No matching quizzes found
Score Distribution
Percent of People with Each Score
Percentile by Number Answered
Your Score History
You have not taken this quiz